Insects and Pesticides/ (Record no. 66861)
[ view plain ]
| 000 -LEADER | |
|---|---|
| fixed length control field | 00730nam a2200253 a 4500 |
| 001 - CONTROL NUMBER | |
| control field | 66861 |
| 003 - CONTROL NUMBER IDENTIFIER | |
| rucl marc code | BD-RjUL |
| 005 - DATE AND TIME OF LATEST TRANSACTION | |
| control field | 20211209081602.0 |
| 008 - FIXED-LENGTH DATA ELEMENTS--GENERAL INFORMATION | |
| fixed length control field | 170320r20001996ii a|||| |||| 000 0 eng d |
| 020 ## - INTERNATIONAL STANDARD BOOK NUMBER | |
| International Standard Book Number | 8174883525 |
| 035 ## - SYSTEM CONTROL NUMBER | |
| System control number | (BD-RjUL)66992 |
| 040 ## - CATALOGING SOURCE | |
| Original cataloging agency | BD-RjUL |
| Language of cataloging | eng |
| Transcribing agency | BD-RjUL |
| 041 ## - LANGUAGE CODE | |
| Language code of text/sound track or separate title | eng |
| 082 ## - DEWEY DECIMAL CLASSIFICATION NUMBER | |
| Edition number | 23 |
| Classification number | 668.65 |
| Author mark and year | INS 2000 |
| 245 00 - TITLE STATEMENT | |
| Title | Insects and Pesticides/ |
| Statement of responsibility, etc. | Edited by A.B. Saxena. |
| 260 ## - PUBLICATION, DISTRIBUTION, ETC. (IMPRINT) | |
| Place of publication, distribution, etc. | New Dehli : |
| Name of publisher, distributor, etc. | Anmol Publications, |
| Date of publication, distribution, etc. | c1996 [reprint 2000] |
| 300 ## - PHYSICAL DESCRIPTION | |
| Pagination | 374 p. : |
| Illustrations | ill.; |
| Size | 22 cm. |
| 490 ## - SERIES STATEMENT | |
| Series statement | Recent advances in entomology series |
| Volume/sequential designation | 7 |
| 650 ## - SUBJECT ADDED ENTRY--TOPICAL TERM | |
| Topical term or geographic name as entry element | Pesticides |
| 9 (RLIN) | 197986 |
| Topical term or geographic name as entry element | Pests. |
| 9 (RLIN) | 113943 |
| Topical term or geographic name as entry element | Insects. |
| 9 (RLIN) | 197987 |
| 700 ## - ADDED ENTRY--PERSONAL NAME | |
| Personal name | Saxena., A.B. |
| 942 ## - ADDED ENTRY ELEMENTS (KOHA) | |
| Source of classification or shelving scheme | Dewey Decimal Classification |
| Koha item type | Books |
| Lost status | Source of classification or shelving scheme | Damaged status | Not for loan | Collection code | Permanent Location | Current Location | Shelving location | Date acquired | Source of acquisition | Cost, normal purchase price | Total Checkouts | Full call number | Date last seen | Copy number | Koha item type |
|---|---|---|---|---|---|---|---|---|---|---|---|---|---|---|---|
| Dewey Decimal Classification | Not For Loan | Non-fiction | Central Library, University of Rajshahi | Central Library, University of Rajshahi | Reading Room | 07/04/2001 | Dhaka, Ankur prakashani. | 1315.00 | 668.65 INS 2000 | 20/03/2017 | C-1 | Books |